駅名を逆から読むと別の駅になる駅 - Statistics

General Stats
  • This quiz has been taken 50 times
  • The average score is 19 of 88
Answer Stats
都道府県 駅名 読み % Correct
広島県 たか
63%
三重県 賀田 かた
58%
京都府 喜多 きた
49%
栃木県 たき
47%
兵庫県 たき
47%
和歌山県 和佐 わさ
40%
三重県 多気 たき
37%
京都府 和知 わち
37%
茨城県 佐和 さわ
35%
長野県 さわ
35%
岡山県 知和 ちわ
35%
和歌山県 貴志 きし
33%
埼玉県 志木 しき
33%
山口県 和木 わき
33%
京都府 石原 いさ
30%
秋田県 象潟 きさかた
30%
大阪府 喜志 きし
30%
和歌山県 紀和 きわ
30%
群馬県 高崎 たかさき
30%
静岡県 井川 いかわ
28%
岡山県 宇野 うの
28%
京都府 西院(嵐電) さい
28%
大阪府 志紀 しき
28%
広島県 瀬野 せの
28%
長野県 茅野 ちの
28%
新潟県 能生 のう
28%
石川県 能瀬 のせ
28%
岡山県 野馳 のち
28%
兵庫県 有年 うね
26%
茨城県 しず
26%
神奈川県 逗子 ずし
26%
鳥取県 根雨 ねう
26%
高知県 若井 わかい
26%
高知県 佐川 さかわ
21%
愛知県 多屋 たや
21%
大阪府 矢田 やた
21%
広島県 矢野 やの
21%
鳥取県 若桜 わかさ
21%
香川県 井戸 いど
19%
兵庫県 稲野 いなの
19%
山口県 岐波 きわ
19%
愛媛県 くし
19%
埼玉県 志久 しく
19%
神奈川県 田奈 たな
19%
大阪府 土居 どい
19%
福岡県 奈多 なた
19%
青森県 野内 のない
19%
大分県 野矢 のや
19%
福島県 いずみ
16%
福島県 いずみ
16%
山形県 津谷 つや
16%
福岡県 土井 どい
16%
富山県 砺波 となみ
16%
福井県 水居 みずい
16%
大阪府 みなと
16%
鹿児島県 出水 いずみ
14%
福島県 喜多方 きたかた
14%
北海道 北見 きたみ
14%
東京都 喜多見 きたみ
14%
広島県 三滝 みたき
14%
秋田県 八津 やつ
14%
千葉県 谷津 やつ
14%
奈良県 市尾 いちお
12%
滋賀県 稲枝 いなえ
12%
北海道 稲穂 いなほ
12%
香川県 榎井 えない
12%
千葉県 江見 えみ
12%
千葉県 高滝 たかたき
12%
新潟県 保内 ほない
12%
長崎県 三会 みえ
12%
兵庫県 三木 みき
12%
山梨県 落居 おちい
9%
石川県 北間 きたま
9%
岡山県 木見 きみ
9%
熊本県 須屋 すや
9%
香川県 詫間 たくま
9%
大阪府 出戸 でと
9%
広島県 戸手 とで
9%
千葉県 馬来田 まくた
9%
岩手県 真滝 またき
9%
石川県 三ツ屋 みつや
9%
滋賀県 野洲 やす
9%
千葉県 八積 やつみ
9%
徳島県 がく
7%
山口県 玖珂 くが
7%
愛知県 野並 のなみ
7%
埼玉県 皆野 みなの
7%
高知県 夜須 やす
7%
No matching quizzes found
Score Distribution
Percent of People with Each Score
Percentile by Number Answered
Your Score History
You have not taken this quiz